Ancient Greece / (Record no. 1753)

MARC details
000 -LEADER
fixed length control field 01121cam a2200325 a 4500
001 - CONTROL NUMBER
control field 1753
003 - CONTROL NUMBER IDENTIFIER
control field FISKH
005 - DATE AND TIME OF LATEST TRANSACTION
control field 20230929120245.0
008 - FIXED-LENGTH DATA ELEMENTS--GENERAL INFORMATION
fixed length control field 081203s2010 nyua b 001 0 eng
010 ## - LIBRARY OF CONGRESS CONTROL NUMBER
LC control number 2008052548
020 ## - INTERNATIONAL STANDARD BOOK NUMBER
International Standard Book Number 0531252264 (hardcover)
020 ## - INTERNATIONAL STANDARD BOOK NUMBER
International Standard Book Number 0531241076 (pbk.)
040 ## - CATALOGING SOURCE
Original cataloging agency DLC
Transcribing agency DLC
Modifying agency DLC
Language of cataloging eng
043 ## - GEOGRAPHIC AREA CODE
Geographic area code e-gr---
050 00 - LIBRARY OF CONGRESS CALL NUMBER
Classification number DF77
Item number .N47 2010
082 00 - DEWEY DECIMAL CLASSIFICATION NUMBER
Classification number 938
Edition number 22
100 1# - MAIN ENTRY--PERSONAL NAME
Personal name Newman, Sandra,
Dates associated with a name 1965-
245 10 - TITLE STATEMENT
Title Ancient Greece /
Statement of responsibility, etc. Sandra Newman.
260 ## - PUBLICATION, DISTRIBUTION, ETC.
Place of publication, distribution, etc. New York :
Name of publisher, distributor, etc. Scholastic,
Date of publication, distribution, etc. 2010.
300 ## - PHYSICAL DESCRIPTION
Extent 48 pages :
Other physical details color map ; color illustrations ;
Dimensions 22 cm.
490 0# - SERIES STATEMENT
Series statement A true book
505 0# - FORMATTED CONTENTS NOTE
Formatted contents note V<br/>
520 ## - SUMMARY, ETC.
Summary, etc. Provides information about ancient Greece, discussing government, gods, the Olympics, art, science, and other related topics.
521 8# - TARGET AUDIENCE NOTE
Target audience note 850<br/>
Source Lexile<br/>
521 8# - TARGET AUDIENCE NOTE
Target audience note V<br/>
Source Raz-Plus<br/>
651 #0 - SUBJECT ADDED ENTRY--GEOGRAPHIC NAME
Geographic name Greece
General subdivision Civilization
Chronological subdivision To 146 B.C.
Form subdivision Juvenile literature.
906 ## - LOCAL DATA ELEMENT F, LDF (RLIN)
a 7
b cbc
c orignew
d 1
e ecip
f 20
g y-gencatlg
942 ## - ADDED ENTRY ELEMENTS (KOHA)
Source of classification or shelving scheme Dewey Decimal Classification
Koha item type Books
Suppress in OPAC No
Holdings
Withdrawn status Lost status Source of classification or shelving scheme Damaged status Not for loan Collection Home library Current library Shelving location Date acquired Total Checkouts Full call number Barcode Date last seen Copy number Price effective from Koha item type Date last checked out
    Dewey Decimal Classification     Non-Fiction Footprints International School Library Network Toul Kork Campus Footprints International School Library Network Toul Kork Campus A TK Campus, 4th Floor, Room B401, Non-Fiction Bookcases(7-8) 09/28/2023   NEW 938 DF77.N47 FISTK05575 09/28/2023 1 09/28/2023 Books  
    Dewey Decimal Classification     Non-Fiction Footprints International School Library Network Toul Kork Campus Footprints International School Library Network Toul Kork Campus A TK Campus, 4th Floor, Room B401, Non-Fiction Bookcases(7-8) 09/28/2023 3 NEW 938 DF77.N47 FISTK04787 05/02/2024 2 09/28/2023 Books 05/02/2024